LEADER 01024nam a2200229 i 4500 001 000000156847 003 CaOOAMICUS 005 20120223000000.0 008 120223s1996 it u000 u ita u 013 $a134202 040 $aSeMil$bita 100 0 $aPaul-Marie : de la Croix,$c.$0(OLS)http://semarc/name/23869 240 13$aLa pluie et la source : les voies de la prière silencieuse.$0(OLS)http://semarc/title/229968 245 10$aRitorno alla sorgente :$ble vie della preghiera silenziosa /$cPaul de la Croix. 260 $aRoma :$bAppunti di viaggio,$ccopyr. 1996. 300 $a201 p. ;$c21 cm. 650 4$aPreghiera - Spiritualità.$0(OLS)http://semarc/subject/2141 850 $aSeMil 852 $aSeMil$W1$xVenegono$y1$m2C II 456$j108595$B108595$CSeMilBibl$Z2$F119197 $81 961 $aOmaggio: Martinelli don Romano 996 $6245$aRitorno alla sorgente :$ble vie della preghiera silenziosa$9(OLS)http://semarc/title/229967 996 $6260$aRoma :$bAppunti di viaggio$9(OLS)http://semarc/publisher/34296 LEADER 00758nam a2200205 i 4500 001 000000214406 003 CaOOAMICUS 005 20120717000000.0 008 120717s2000 it u000 u ita u 013 $a193277 040 $aSeMil$bita 245 13$aLe grandi fabbriche a Melegnano. 260 $aMelegnano :$bComune di Melegnano,$c2000. 300 $a135 p. :$bill. ;$c24x32 cm. 650 4$aMelegnano - Storia.$0(OLS)http://semarc/subject/34783 850 $aSeMil 852 $aSeMil$W1$xVenegono$y1$m3P V 572$j241991$B164828$CSeMilBibl$Z2$F176244 $81 961 $aOmaggio: Motta Mirco 996 $6245$aLe grandi fabbriche a Melegnano$9(OLS)http://semarc/title/308892 996 $6260$aMelegnano :$bComune di Melegnano$9(OLS)http://semarc/publisher/52847